Trade and welfare
Αποθηκεύτηκε σε:
| Κύριος συγγραφέας: | |
|---|---|
| Μορφή: | Βιβλίο |
| Γλώσσα: | Undetermined |
| Έκδοση: |
London
Oxford University Press
1964
|
| Θέματα: | |
| Ετικέτες: |
Προσθήκη ετικέτας
Δεν υπάρχουν, Καταχωρήστε ετικέτα πρώτοι!
|
| Thư viện lưu trữ: | Trung tâm Học liệu Trường Đại học Cần Thơ |
|---|
| LEADER | 00467nam a2200181Ia 4500 | ||
|---|---|---|---|
| 001 | CTU_81304 | ||
| 008 | 210402s9999 xx 000 0 und d | ||
| 082 | |a 380.13 | ||
| 082 | |b M481 | ||
| 100 | |a Meade, J. E. | ||
| 245 | 0 | |a Trade and welfare | |
| 245 | 0 | |c J. E. Meade | |
| 260 | |a London | ||
| 260 | |b Oxford University Press | ||
| 260 | |c 1964 | ||
| 650 | |a Commercial policy | ||
| 904 | |i Trọng Hải | ||
| 980 | |a Trung tâm Học liệu Trường Đại học Cần Thơ | ||